| 000 | 00720cam a2200217 a 4500 | ||
|---|---|---|---|
| 020 | _a0073048259 (hard copy : alk. paper) | ||
| 020 | _a0073251631 (package) | ||
| 020 | _a9780073048253 | ||
| 040 | _cDLC | ||
| 082 | 0 | 0 | _a519 MCG 2007 A035 Or. |
| 100 | 1 | _aBluman, Allan G. | |
| 245 | 1 | 0 |
_aElementary statistics : _ba step by step approach / |
| 250 | _a6th ed. | ||
| 260 |
_aBoston : _bMcGraw-Hill, _cc2007. |
||
| 300 |
_axxx, 802, [47] p. : _bcol. ill. ; _c28 cm. |
||
| 500 | _a"Important formulas" (1 folded page) inserted. | ||
| 650 | 0 | _aStatistics | |
| 856 | 4 | 1 | _uhttp://www.loc.gov/catdir/toc/ecip0517/2005023521.html |
| 856 | 4 | 2 | _uhttp://www.loc.gov/catdir/enhancements/fy0661/2005023521-d.html |
| 942 | _cEK | ||
| 999 |
_c12666 _d12666 |
||